000 00635nam a2200277Ia 4500
005 20260324134854.0
008 008 260324s9999 xx 000 0 eng d
020 _a9781315187471
037 _aEBOOK
040 _aCRL
040 _beng
040 _cCRL
041 _2eng
041 _aeng
084 _qCRL
100 _aStephen K. McLeod
_91198472
245 0 _aModality and Anti-Metaphysics
260 _bTaylor and Francis
260 _c2001
365 _a
365 _b170
856 _uhttp://www.taylorfrancis.com/books/9781315187471
942 _cEBOOK
999 _c1798985
_d1798985